| 000 | 01049nam a2200229Ia 4500 | ||
|---|---|---|---|
| 001 | 19009 | ||
| 005 | 20260408170554.0 | ||
| 008 | 260306s9999||||xx |||||||||||||| ||und|| | ||
| 041 | _aESP | ||
| 082 |
_a658.785 _bB82 |
||
| 100 |
_aBrenes Muñoz, Pedro _eAUT |
||
| 245 | 0 | _aTécnicas de almacén | |
| 260 | _c2015 | ||
| 300 |
_a000 páginas : _c00 cm. |
||
| 650 | _aGEN | ||
| 654 | _aCAN | ||
| 856 |
_uhttps://itmsp.museknowledge.com/UCSP?url=https://www.ebooks7-24.com:443/?il=16556&pg=1 _zVéase además: Técnicas de almacén, por Ana Mª Hervás. Versión digital |
||
| 856 |
_uhttps://0u213vnx9-y-https-ebooks7--24-com.itmsp.museknowledge.com/biblioteca.aspx _zVéase además: Base de datos Ebook7-24 |
||
| 856 |
_uhttps://0u20vvnxk-y-https-ebookcentral-proquest-com.itmsp.museknowledge.com/lib/catolicasp/home.action _zVéase además: Base de datos ProQuest Ebook Central |
||
| 856 |
_uhttps://0u20yvnxq-y-https-www-bibliotechnia-com-mx.itmsp.museknowledge.com/ _zVéase además: Base de datos BiblioTechnia |
||
| 942 |
_cLIB _dJUS _fJUS _2ddc |
||
| 999 |
_c19009 _d19009 |
||